The economy of Puerto Rico restoring growth /

Bibliographic Details
Corporate Author: ProQuest (Firm)
Other Authors: Collins, Susan Margaret., Bosworth, Barry, 1942-, Soto-Class, Miguel A.
Format: Electronic eBook
Language:English
Published: San Juan, P.R. : Washington, D.C. : Center for the New Economy ; Brookings Institution Press, c2006.
Subjects:
Online Access:Click to View
LEADER 01629nam a2200409Ia 4500
001 EBC3004459
003 MiAaPQ
005 20200520144314.0
006 m o d |
007 cr cn|||||||||
008 060329s2006 pr a sb 001 0 eng d
010 |z  2006010533 
020 |z 0815715609 
020 |z 0815715536 (pbk. : alk. paper) 
020 |z 0815715544 (hardcover : alk. paper) 
024 3 |z 9780815715535  |c (hardcover : alk. paper) 
035 |a (MiAaPQ)EBC3004459 
035 |a (Au-PeEL)EBL3004459 
035 |a (CaPaEBR)ebr10141092 
035 |a (OCoLC)74337163 
040 |a MiAaPQ  |c MiAaPQ  |d MiAaPQ 
050 4 |a HC154.5  |b .E275 2006 
082 0 4 |a 338.97295  |2 22 
245 0 4 |a The economy of Puerto Rico  |h [electronic resource] :  |b restoring growth /  |c Susan M. Collins, Barry P. Bosworth, Miguel A. Soto-Class, editors. 
260 |a San Juan, P.R. :  |b Center for the New Economy ;  |a Washington, D.C. :  |b Brookings Institution Press,  |c c2006. 
300 |a xiii, 607 p. :  |b ill. 
504 |a Includes bibliographical references and index. 
533 |a Electronic reproduction. Ann Arbor, MI : ProQuest, 2015. Available via World Wide Web. Access may be limited to ProQuest affiliated libraries. 
650 0 |a Economic history. 
651 0 |a Puerto Rico  |x Economic policy. 
651 0 |a Puerto Rico  |x Economic conditions  |y 1952- 
655 4 |a Electronic books. 
700 1 |a Collins, Susan Margaret. 
700 1 |a Bosworth, Barry,  |d 1942- 
700 1 |a Soto-Class, Miguel A. 
710 2 |a ProQuest (Firm) 
856 4 0 |u https://ebookcentral.proquest.com/lib/matrademy/detail.action?docID=3004459  |z Click to View